Terraria Bosses - Statistics

General Stats
  • This quiz has been taken 325 times
  • The average score is 23 of 30
Answer Stats
Hint Answer % Correct
jelly King Slime
99%
sting Queen Bee
95%
lots of flesh Wall Of Flesh
94%
giant worm Eater Of Worlds
93%
last boss on computer mode Moon Lord
93%
no more flesh Skeletron
93%
after plantera Golem
91%
giant venus flytrap Plantera
91%
no more flesh x2 Skeletron Prime
91%
flying shark Duke Fishron
90%
eye x2 The Twins
90%
biggest worm ever Destroyer
89%
i see you Eye Of Cthulhu
89%
in your head Brain Of Cthulhu
87%
crazy cultist Lunatic Cultist
84%
pillar Solar Pillar
79%
pumpkin Pumpking
77%
pillar Vortex Pillar
75%
pillar Stardust Pillar
72%
pillar Nebula Pillar
71%
boss in old ones army Betsy
69%
frozen snow and kings wife Ice Queen
69%
tries to kill you during frost moon Santa
66%
screaming winter tree Everscream
63%
pirate ship Flying Dutchman
59%
event tree Mourning Wood
57%
final boss in console edition mode Ocram
53%
old ones army Ogre
53%
they are invading us! Martian Saucer
48%
not light but shoots fireballs Dark Mage
34%
No matching quizzes found
Score Distribution
Percent of People with Each Score
Percentile by Number Answered
Your Score History
You have not taken this quiz